<?xml version="1.0" encoding="UTF-8"?>
<record
    xmlns:xsi="http://www.w3.org/2001/XMLSchema-instance"
    xsi:schemaLocation="http://www.loc.gov/MARC21/slim http://www.loc.gov/standards/marcxml/schema/MARC21slim.xsd"
    xmlns="http://www.loc.gov/MARC21/slim">

  <leader>00751nam a2200217 a 4500</leader>
  <controlfield tag="001">BRCA_2196</controlfield>
  <controlfield tag="005">20190320203717.0</controlfield>
  <controlfield tag="008">020805s1971----mx-a---###---#000-0#spa-d</controlfield>
  <datafield tag="050" ind1=" " ind2="4">
    <subfield code="a">ND673</subfield>
    <subfield code="b">.M39 1971</subfield>
  </datafield>
  <datafield tag="100" ind1="1" ind2=" ">
    <subfield code="a">Maza, Francisco de la</subfield>
    <subfield code="d">1913-1972</subfield>
    <subfield code="9">278</subfield>
  </datafield>
  <datafield tag="245" ind1="1" ind2="0">
    <subfield code="a">El pintor Mart&#xED;n de Vos en M&#xE9;xico</subfield>
    <subfield code="c">Francisco de la Maza.</subfield>
  </datafield>
  <datafield tag="260" ind1=" " ind2=" ">
    <subfield code="a">M&#xE9;xico</subfield>
    <subfield code="b">UNAM, Instituto de Investigaciones Est&#xE9;ticas</subfield>
    <subfield code="c">1971</subfield>
  </datafield>
  <datafield tag="300" ind1=" " ind2=" ">
    <subfield code="a">79 p.</subfield>
    <subfield code="b">il. (algunas a color)</subfield>
    <subfield code="c">23 cm.</subfield>
  </datafield>
  <datafield tag="440" ind1=" " ind2="0">
    <subfield code="a">Estudios y fuentes del arte en M&#xE9;xico</subfield>
    <subfield code="n">29</subfield>
    <subfield code="9">6620</subfield>
  </datafield>
  <datafield tag="504" ind1=" " ind2=" ">
    <subfield code="a">Bibliograf&#xED;a : p. [80-81]</subfield>
  </datafield>
  <datafield tag="600" ind1="1" ind2="4">
    <subfield code="a">Vos, Mart&#xED;n de</subfield>
    <subfield code="d">1532-1603</subfield>
    <subfield code="9">6621</subfield>
  </datafield>
  <datafield tag="650" ind1="1" ind2="4">
    <subfield code="a">Pintura flamenca</subfield>
    <subfield code="y">Siglo XV-XIX</subfield>
    <subfield code="9">6622</subfield>
  </datafield>
  <datafield tag="650" ind1="1" ind2="4">
    <subfield code="a">Pintores</subfield>
    <subfield code="9">2497</subfield>
  </datafield>
  <datafield tag="650" ind1="1" ind2="4">
    <subfield code="a">Arte en M&#xE9;xico</subfield>
    <subfield code="9">6623</subfield>
  </datafield>
  <datafield tag="942" ind1=" " ind2=" ">
    <subfield code="2">lcc</subfield>
    <subfield code="c">B</subfield>
  </datafield>
  <datafield tag="999" ind1=" " ind2=" ">
    <subfield code="c">1952</subfield>
    <subfield code="d">1952</subfield>
  </datafield>
  <datafield tag="952" ind1=" " ind2=" ">
    <subfield code="0">0</subfield>
    <subfield code="1">0</subfield>
    <subfield code="4">0</subfield>
    <subfield code="7">0</subfield>
    <subfield code="a">BRCA</subfield>
    <subfield code="b">BRCA</subfield>
    <subfield code="d">2008-08-14</subfield>
    <subfield code="l">0</subfield>
    <subfield code="o">ND673 .M39 1971</subfield>
    <subfield code="p">01254</subfield>
    <subfield code="r">2019-03-22 00:00:00</subfield>
    <subfield code="w">2019-03-22</subfield>
    <subfield code="y">B</subfield>
  </datafield>
</record>
